| 000 | 00460 a2200181 4500 | ||
|---|---|---|---|
| 005 | 20260116160625.0 | ||
| 008 | 260116b |||||||| |||| 00| 0 eng d | ||
| 020 |
_a9789364282567 _cRs. 349.00 |
||
| 040 | _aMAIN | ||
| 082 |
_a823.8 _bS26U |
||
| 100 | _aShaw, George Bernard | ||
| 245 | _aUnsocial socialist | ||
| 260 |
_bDouble 9 Books _c2024 _aNew Delhi |
||
| 300 | _a234 | ||
| 650 | _aEnglish Literature | ||
| 650 | _aEnglish Fiction | ||
| 942 | _cBK | ||
| 999 |
_c395107 _d395107 |
||